01013nam a2200181Ia 4500008004100000041001200041100001400053245005700067260000600124650000700130942000700137999001700144952013400161952013400295952013400429952013400563952013400697221030s9999 xx 000 0 und d aEnglish aT. V. Rao 0aReadings in Human Resource Developmentcby T. V. Rao c0 aMb cBK c17564d17564 pMB 1257l0r2022-10-30 00:00:00w2022-10-30yBK003Print4070aMIETLIBbMIETLIBcBL-, FL-, CUP-0, SH-0, R-0d2017-03-0710HMBA pMB 1258l0r2022-10-30 00:00:00w2022-10-30yBK003Print4070aMIETLIBbMIETLIBcBL-, FL-, CUP-0, SH-0, R-0d2017-03-0710HMBA pMB 1259l0r2022-10-30 00:00:00w2022-10-30yBK003Print4070aMIETLIBbMIETLIBcBL-, FL-, CUP-0, SH-0, R-0d2017-03-0710HMBA pMB 1260l0r2022-10-30 00:00:00w2022-10-30yBK003Print4070aMIETLIBbMIETLIBcBL-, FL-, CUP-0, SH-0, R-0d2017-03-0710HMBA pMB 1261l0r2022-10-30 00:00:00w2022-10-30yBK003Print4070aMIETLIBbMIETLIBcBL-, FL-, CUP-0, SH-0, R-0d2017-03-0710HMBA